MATRADE business handbook : beginner's guide to exporting.
| Corporate Author: | |
|---|---|
| Format: | Book |
| Published: |
Kuala Lumpur:
MATRADE,
2008.
|
| Subjects: |
| LEADER | 00476cam a2200145 7i4500 | ||
|---|---|---|---|
| 001 | 0000023167 | ||
| 005 | 20090710090000.0 | ||
| 020 | 0 | 0 | |a 978-983-3196-10-4 |
| 090 | 0 | 0 | |a MAT 380.1 |b MAL |
| 110 | 2 | 0 | |a Malaysia External Trade Development Corporation (MATRADE) |
| 245 | 2 | 0 | |a MATRADE business handbook : |b beginner's guide to exporting. |
| 260 | 0 | 0 | |a Kuala Lumpur: |b MATRADE, |c 2008. |
| 300 | # | # | |a 39 P. |
| 651 | 0 | 0 | |a Malaysia |
| 999 | |a 0000022797 |b Book |c MATRADEs Collection |e Business Information Centre | ||


